Toutes les équipes nationales de rugby à 7 en Afrique - Statistiques

Statistiques générales
  • Ce quiz a été pris 13 fois
  • Le résultat moyen est 16 sur 22
Statistiques - réponses
Niveaux équipes nationales % Correct
🌟 élite mondiale (circuit mondial / podiums) Afrique du Sud
100%
🌎 Algérie
92%
🌍 régulière (compétitions internationales fréquentes) Kenya
92%
🌎 Maroc
92%
🌍 Namibie
92%
🌎 Côte d’Ivoire
83%
🌎 Egypte
83%
🛠 développement (équipes en structuration) Nigeria
83%
🌎 Sénégal
83%
🌎 Tunisie
83%
🌍 Zimbabwe
83%
🛠 Cameroun
75%
🌎émergente (niveau continental) Zambie
75%
🌎 Ghana
67%
🌎 Madagascar
67%
🌍 Ouganda
58%
🛠 Togo
58%
🛠 Bénin
50%
🛠 Burkina Faso
50%
🛠 Île Maurice
50%
🛠 Seychelles
50%
🛠 Botswana
42%
Aucun quiz correspondant
Distribution des résultats
% des personnes avec chaque résultat
Percentile par nombre de réponses
Votre historique - résultats
Vous n’avez pas pris ce quiz